| 000 | 00481nam a22001817a 4500 | ||
|---|---|---|---|
| 003 | OSt | ||
| 005 | 20260317003014.0 | ||
| 008 | 260317b |||||||| |||| 00| 0 eng d | ||
| 020 | _a0-373-02219-0. | ||
| 040 |
_aDWCL Main lib _cOC |
||
| 082 | _aFic. F P777 1978 | ||
| 100 | _aPollock, Rosemary | ||
| 245 |
_aTiger in darkness _cRosemary Pollock |
||
| 260 |
_aToronto : _bHarlequin Books, c1978. |
||
| 300 |
_a189 p. ; _c17 cm. |
||
| 650 | _aFiction. | ||
| 942 |
_2ddc _cFIC. _kFic. _n0 |
||
| 999 |
_c9175 _d9175 |
||